000 00961cam a2200289 i 4500
001 62018
003 Mx-PuUPA
005 20230118140030.0
008 150129s2005 sp gr 001 0 spa d
020 _a8474905664
040 _aMx-PuUPA
_bspa
_cMx-PuUPA
_dMx-PuUPA
_erda
041 0 _aspa
100 1 _aAldana, Ricardo,
_eautor
245 1 0 _aTodo consiste en Él :
_ben la senda de von Balthasar y von Speyr /
_cRicardo Aldana ; prólogo de Manuel Iglesias
264 1 _aMadrid :
_bFundación Nuevo Entorno ; Ediciones Encuentro,
_c©2005
300 _a158 páginas ;
_c23 cm
336 _atexto
_2rdacontent
_btxt
337 _asin medio
_2rdamedia
_bn
338 _avolumen
_2rdacarrier
_bnc
490 0 _aEnsayos ;
_v267
650 7 _aTeología pastoral
_2armarc
650 7 _aHombre ( teología)
_2armarc
700 1 _aIglesias, Manuel,
_epologuista
942 _2ddc
_cLI
_h233
_iA357
999 _c62018
_d62018